Statistiken für Deutsche Bands nach Songs

Klicken Sie hier um das Quiz zu spielen!

Allgemein

  • Dieses Quiz wurde 598 mal gespielt
  • Das Durchschnittsergebnis liegt bei 9 aus 15

Antwortstatistiken

SongsBand% Korrekt
Leuchtturm / Irgendwie, Irgendwo, Irgendwann / Nur geträumtNena
83%
Deutschland / Radio / EngelRammstein
80%
M&F / Gwendoline / Lasse rednDie Ärzte
77%
New York, Rio, Rosenheim / 54, 74, 90, 2006 / Applaus, ApplausSportfreunde Stiller
75%
Send me an angel / Wind of change / HumanityScorpions
73%
Abenteuerland / Wenn du da bist / HerzbebenPur
71%
Zeit zu gehen / So wie du warst / Geboren um zu lebenUnheilig
70%
Jein / Emanuela / ErdbebenFettes Brot
64%
Ein Song reicht / Schüsse in die Luft / Fahr mit mirKraftklub
60%
Berlin City Girl / Von Allein / Ey DJCulcha Candela
58%
Big in Japan / Jerusalem / Forever YoungAlphaville
47%
Pure Lust am Leben / Arbeitslos / BruttosozialproduktGeier Sturzflug
45%
Ohne Dich / Tausendmal Du / Liebe auf den ersten BlickMünchener Freiheit
40%
Jetzt ist Sommer / Deutsche Bahn / Das Sägewerk Bad SegebergWise Guys
25%
F**ken / Lieder übers Vögeln / Das NiveauDas Niveau
4%

Verteilung der Resultate

Perzentil nach korrekt beantworteten Fragen

Anzahl Personen mit jedem Resultat

Ihre Resultats-Entwicklung

Sie haben dieses Quiz noch nicht gespielt